[Event "RUS-chT Blitz Men 2018"]
[Site "Sochi"]
[Date "2018.10.10"]
[Round "8"]
[White "Cherenkov, Andrey"]
[Black "Truskavetsky, Alexandr"]
[Result "0-1"]
[WhiteElo "2226"]
[BlackElo "2307"]
[Annotator "TA"]
[PlyCount "66"]
[EventDate "2018.10.10"]
[EventType "swiss"]
[EventCountry "RUS"]
[SourceTitle "playchess.com"]
[Source "ChessBase"]
[SourceQuality "1"]

{[%evp 21,66,0,8,0,0,-151,-135,-277,-181,-198,-200,-315,-319,-356,-319,-346,-329,-335,-258,-387,-372,-549,-368,-665,-677,-677,-627,-1877,-1852,-2073,-2012,-29988,-1359,-1262,-1370,-1350,-1204,-1342,-1323,-1285,-482,-568,-567,-29995,-29996,-29998,-29999]} 1. e4 c6 2. d4 d5 3. Nc3 dxe4 4. Nxe4 Bf5 5. Ng3 Bg6 6. h4 h6 7. N1e2 Nf6 8. Nf4 Bh7 9. Bc4 e6 10. Qe2 Bd6 11. Ngh5 O-O {LiveBook: 11 Games. B18: Classical Caro-Kann: 4...Bf5 sidelines} (11... Rg8 12. Bd2 Nxh5 13. Nxh5 Bxc2 14. d5 cxd5 15. Bxd5 Qe7 16. Bf3 Ba4 17. Qe4 Bc6 18. Qh7 Qf8 19. Bc3 {½-½ (42) Bijlsma,N (2298)-Schandorff,L (2520) Helsingor 2015}) 12. g4 Nxh5 13. gxh5 $146 (13. Nxh5 $11 Qb6 14. c3) ({Predecessor:} 13. Nxh5 e5 14. Bxh6 gxh6 15. Qd2 Bb4 16. Qxb4 Qxd4 17. Nf6+ Kg7 18. c3 Na6 19. Qxf8+ Rxf8 20. Nh5+ Kg8 21. cxd4 {1-0 (21) Dolgun,C (2104)-Tuna,A (2280) Kocaeli 2017}) 13... Qf6 {Black is clearly better.} 14. Qe3 (14. Bd3 $17 {is a better defense.}) 14... e5 15. dxe5 Bxe5 16. Bd2 (16. Bd3 $142) 16... Nd7 $19 ({Much less strong is} 16... Bxb2 17. Rb1 $19) ({Don't play} 16... Bxc2 17. Rc1 $19) 17. O-O-O Bxb2+ 18. Kb1 Bd4 19. Qg3 b5 $40 {[%mdl 128] Black attacks with force.} 20. Bb3 (20. Bd3 $142) 20... a5 {[%cal Ba7a5,Ba5a4][%mdl 32]} 21. a3 (21. Ne2 {was the only defense.} Bxf2 22. Qg2) 21... b4 22. Bc1 $2 (22. Ng6 a4 23. Bg5 hxg5 24. hxg5) 22... a4 23. Bc4 {If only White now had time for Rxd4....} bxa3 {[#] And now ...Rfb8+ would win.} 24. Bxa3 Rfb8+ 25. Ka2 Bxc2 26. Rb1 {[#]} Bxb1+ (26... Bb3+ $142 $1 27. Bxb3 axb3+ 28. Qxb3 Rxb3 29. Kxb3 Qxf4 30. Rhe1 Qf3+ 31. Re3 Bxe3 32. fxe3 Qxe3+ 33. Kc2 Rxa3 34. Rb3 Rxb3 35. Kd1 Rd3+ 36. Kc2 Qe2+ 37. Kc1 Rd1#) 27. Rxb1 Rxb1 28. Kxb1 Be5 29. Bc1 Rb8+ 30. Ka2 Qf5 (30... Rb4 $142 31. Qd3 Nb6) 31. Bd3 Bxf4 32. Bxf4 Qd5+ 33. Ka1 Qd4+ {Precision: White = 15%, Black = 63%.} 0-1

[Event "RUS-chT Blitz Men 2018"]
[Site "Sochi"]
[Date "2018.10.10"]
[Round "8"]
[White "Mochalin, Faddey"]
[Black "Chizhikov, Vladislav"]
[Result "1-0"]
[WhiteElo "2032"]
[BlackElo "2304"]
[Annotator "TA"]
[PlyCount "75"]
[EventDate "2018.10.10"]
[EventType "swiss"]
[EventCountry "RUS"]
[SourceTitle "playchess.com"]
[Source "ChessBase"]
[SourceQuality "1"]

{[%evp 19,75,35,45,6,25,8,20,11,40,18,27,21,49,44,64,57,83,45,53,51,66,25,28,0,25,12,162,162,160,162,488,335,328,360,368,348,290,225,276,88,525,526,442,141,501,397,29988,29989,29990,29991,29991,29986,29994,29995,29995,29996,29996,29997]} 1. d4 d5 2. Nf3 c6 3. c4 e6 4. e3 f5 5. Be2 Nf6 6. O-O Bd6 7. Ne5 O-O 8. f4 Ne4 9. Nd2 Nd7 10. Nxe4 fxe4 {LiveBook: 38 Games} 11. Nxd7 {A84: Dutch Defence: 2 c4 Miscellaneous} (11. Bd2 Nxe5 12. fxe5 Be7 13. Rxf8+ Qxf8 14. Qb3 b6 15. Rf1 Qd8 16. Qa4 Bd7 17. Qd1 Qc7 18. Qc2 Qb7 19. b4 Rf8 20. Rxf8+ Bxf8 21. c5 b5 22. a4 a6 23. a5 {½-½ (23) Fridman,D (2649)-Tomashevsky,E (2758) Berlin 2015}) 11... Bxd7 12. c5 Bc7 13. Bd2 {The position is equal.} Rf6 $146 ({Predecessor:} 13... Kh8 14. Be1 g5 15. Bg3 b6 16. b4 gxf4 17. exf4 a5 18. a3 Qb8 {0-1 (45) Lizak,P (2450)-Lampert,J (2469) Budapest 2015}) 14. g3 Qe7 15. b4 a6 16. a4 Rh6 17. Rf2 Kh8 18. Kh1 Rg8 19. Qb3 g5 20. Rg1 Qg7 21. Qd1 Bd8 22. Qf1 Rg6 (22... Be8 $11) 23. fxg5 $18 {[#] Rf7 is the strong threat.} Be8 24. h4 e5 $2 (24... Qe7 {is a better chance.} 25. b5 cxb5) 25. dxe5 Bc7 26. Bc3 Bxe5 27. Bxe5 Qxe5 28. Rf4 Qc3 29. Qc1 $2 (29. Bh5 $18 {and White stays clearly on top.}) 29... Qxb4 $2 {[%mdl 8192]} (29... Qxc1 $16 30. Rxc1 h6) 30. Qa1+ R6g7 31. Qe5 $2 (31. Rb1 $18 {is more deadly.} Qxc5 32. Rxb7) 31... Qd2 $2 {[%mdl 8192]} (31... Qxc5 $16 32. Rgf1 b5) 32. h5 {Intending h6 and mate.} Bxh5 $2 (32... Qxe2 $18 33. h6 Qh5+ 34. Kg2 {[#]} Qxg5 $1 {[%mdl 512]} 35. hxg7+ Qxg7 36. Qxg7+ Kxg7) 33. Bxh5 {White mates.} Qxe3 34. Bf7 Rd8 35. g6 Qd3 36. Rh4 {[%csl Gg6][%cal Rh4h7]} Qf3+ 37. Kh2 {[%csl Gg6][%cal Rh4h7]} Qf2+ 38. Rg2 {Precision: White = 36%, Black = 19%.} 1-0

[Event "RUS-chT Blitz Men 2018"]
[Site "Sochi"]
[Date "2018.10.10"]
[Round "8"]
[White "Girshgorn, Leonid"]
[Black "Shkurkin, Andrey"]
[Result "1-0"]
[WhiteElo "1925"]
[BlackElo "2201"]
[Annotator "TA"]
[PlyCount "77"]
[EventDate "2018.10.10"]
[EventType "swiss"]
[EventCountry "RUS"]
[SourceTitle "playchess.com"]
[Source "ChessBase"]
[SourceQuality "1"]

{[%evp 9,77,-16,17,10,10,10,6,12,19,17,33,28,28,14,44,-6,-11,-7,0,3,18,-94,6,4,31,18,61,0,17,0,0,-8,71,69,106,106,176,180,196,204,200,196,195,204,210,202,205,154,368,319,564,589,620,620,616,608,601,596,565,566,716,712,801,781,862,851,793,808,754,756]} 1. d4 Nf6 2. Bf4 d5 3. e3 c5 4. c3 Nc6 5. Nd2 cxd4 6. exd4 {D00: 1 d4 d5: Unusual lines} Bf5 7. Qb3 Qc8 8. Ngf3 {The position is equal.} e6 9. Nh4 Be4 10. Nxe4 dxe4 11. Be2 $146 ({Predecessor:} 11. g3 Be7 12. Ng2 Nd5 {0-1 (46) Meier,G (2630)-Karjakin,S (2783) chess.com INT 2017}) 11... h6 {[#] aiming for ...g5.} 12. Be5 Be7 {Strongly threatening ...g5.} 13. g3 Nxe5 14. dxe5 Nd7 15. Ng2 (15. Qa4 $11) 15... Nxe5 (15... O-O $17 16. Qb5 a6) 16. Qa4+ $11 Nc6 17. Qxe4 O-O 18. O-O (18. Bd3 $14 f5 19. Qe2) 18... Bf6 19. Bd3 {[%csl Gd3][%cal Re4h7]} g6 20. h4 Ne7 {[#]} (20... h5 $11 {keeps the balance.}) 21. h5 $1 $36 {[%cal Rh5g6][%mdl 2560] White has good play.} Qc6 (21... gxh5 22. Qh7#) 22. hxg6 Nxg6 (22... fxg6 $16 23. Qxc6 bxc6) 23. Qg4 $18 Kh8 24. Bxg6 fxg6 25. Qxg6 Bg7 26. Rae1 Rf6 27. Qg4 Raf8 28. Nf4 {Threatens to win with Ng6+.} Kh7 $2 (28... e5 $16 {was called for.} 29. Nh5 (29. Rxe5 $2 Rxf4 30. Qe6 Bxe5 $19) 29... R6f7 30. Nxg7 Rxg7) 29. Nxe6 {[%csl Ge6][%cal Rg4g7]} R8f7 $2 (29... Rg8 30. Qe4+ Qxe4 31. Rxe4 Rf7) 30. Nd8 {White is clearly winning.} Qd7 31. Qe4+ Qf5 32. Qxf5+ Rxf5 33. Nxf7 Rxf7 {[%mdl 4096] Endgame KRR-KRB} 34. Re2 Rf6 35. Kg2 Rb6 36. Rd1 a5 37. Rd7 Kg6 38. Ree7 Bf6 39. Rxb7 {Precision: White = 68%, Black = 24%.} 1-0

[Event "RUS-chT Blitz Men 2018"]
[Site "Sochi"]
[Date "2018.10.10"]
[Round "9"]
[White "Artemiev, Vladislav"]
[Black "Bocharov, Ivan"]
[Result "0-1"]
[WhiteElo "2706"]
[BlackElo "2563"]
[Annotator "TA"]
[PlyCount "72"]
[EventDate "2018.10.10"]
[EventType "swiss"]
[EventCountry "RUS"]
[SourceTitle "playchess.com"]
[Source "ChessBase"]
[SourceQuality "1"]

{[%evp 11,71,-13,15,12,16,18,17,15,20,16,35,18,8,14,24,16,15,27,20,24,41,38,53,54,37,8,37,28,116,116,124,120,109,110,126,118,296,222,200,196,266,281,292,281,262,188,236,195,272,270,324,245,289,218,241,164,181,0,232,154,146,-29999]} 1. c4 c6 {[%cal Bc7c6,Bc6d5][%mdl 32]} 2. e4 d5 3. exd5 cxd5 4. d4 Nf6 5. Nc3 Nc6 6. Bf4 Bg4 {LiveBook: 8 Games. B13: Caro-Kann: Exchange Variation and Panov-Botvinnik Attack} (6... g6 {seems wilder.} 7. c5 Bg7 8. Bb5 O-O 9. Nge2 e5) (6... e6 7. c5 Be7 8. Bb5 O-O 9. Nf3 Bd7 10. O-O Ne4 11. Qc2 a6 12. Bxc6 Bxc6 13. Ne5 Nxc3 14. bxc3 Bf6 15. Nxc6 bxc6 {½-½ (66) Ghaem Maghami,E (2556)-Sokolov,I (2626) Bandar e Anzali 2017}) 7. Be2 Bxe2 8. Ngxe2 e6 {The position is equal.} 9. c5 Be7 10. b4 $146 ({Predecessor:} 10. O-O O-O 11. Rb1 Nh5 12. Be3 Na5 13. Nc1 g6 14. Nd3 {1-0 (52) Nandhidhaa,P (2101)-Hoang,T (2204) Chennai 2011}) 10... Nxb4 11. Rb1 (11. Qb1 $5 {[%cal Rb1b4]} Nc6 12. Qxb7 $14) 11... Qa5 {[#]} 12. a3 $1 {[%mdl 512]} Nc6 $1 ({Not} 12... Qxa3 $2 13. Nb5 $18) 13. Rxb7 Ne4 14. Qa4 Qxa4 15. Nxa4 O-O 16. f3 Nf6 17. Kf2 Rfc8 18. Nac3 {[%cal Ba4c3,Bc3b5,Bb5c7][%mdl 32]} Kf8 19. Nb5 a6 {[#]} (19... e5 $11) 20. Nc7 $1 $36 {[%cal Rc7a8][%mdl 2048] White is really pushing.} Ra7 21. Rxa7 Nxa7 22. Nxa6 Nd7 23. Rb1 {Black must now prevent Rb7.} e5 $2 (23... Nc6 $16) 24. Bxe5 (24. dxe5 Nc6 $16) 24... Nxe5 25. dxe5 Bxc5+ (25... g5 $142 26. a4 Nc6) 26. Nxc5 $18 Rxc5 {[%mdl 4096] Endgame KRN-KRN} 27. Rb8+ Nc8 28. Nf4 Ke7 29. Ke3 g5 (29... Kd8 {is a better defense.} 30. Rb7 Ne7) 30. Rb7+ Kf8 31. Nd3 Rc4 32. Rb4 Rc2 33. Rb2 Rc4 34. Rb4 (34. Rb8 $142) 34... Rc2 $1 35. a4 Ne7 {[%cal Re7f5]} 36. Rb2 $2 {[%mdl 8192]} (36. Rb8+ $16 Kg7 37. Nb4 Nf5+ 38. Kd3 Rxg2 39. a5 (39. Nxd5 Rxh2 40. f4 gxf4 $14)) 36... Nf5# {Precision: White = 58%, Black = 43%.} 0-1

[Event "RUS-chT Blitz Men 2018"]
[Site "Sochi"]
[Date "2018.10.10"]
[Round "9"]
[White "Dubov, Daniil"]
[Black "Paravyan, David"]
[Result "1-0"]
[WhiteElo "2703"]
[BlackElo "2629"]
[Annotator "TA"]
[PlyCount "61"]
[EventDate "2018.10.10"]
[EventType "swiss"]
[EventCountry "RUS"]
[SourceTitle "playchess.com"]
[Source "ChessBase"]
[SourceQuality "1"]

{[%evp 13,61,0,10,8,9,10,14,15,40,18,50,12,17,0,10,8,56,59,63,71,71,54,204,196,222,222,214,220,410,409,375,376,518,527,789,790,739,517,506,507,483,376,1532,430,2040,1877,29996,1344,29997,29998]} 1. Nf3 d5 2. e3 Nf6 3. c4 c6 4. Nc3 Nbd7 5. cxd5 cxd5 6. d4 e6 {[%cal Be7e6,Be6e5,Be5d4][%mdl 32]} 7. Bd3 Bd6 8. O-O {D30: Queen's Gambit Declined: Systems without Nc3} O-O 9. Bd2 a6 10. Qb3 {The position is equal.} (10. a4 e5 11. e4 dxe4 12. Nxe4 Nxe4 13. Bxe4 exd4 14. Bg5 Nf6 15. Re1 h6 16. Bxf6 Qxf6 17. Qxd4 Qxd4 18. Nxd4 Rd8 19. Rad1 Bg4 20. f3 Bc5 21. fxg4 Rxd4 {½-½ (21) Timofeev,A (2601)-Dreev,A (2660) Sochi 2016}) 10... Qb6 $146 ({Predecessor:} 10... b5 11. Rac1 Bb7 12. Ne2 Rc8 13. Rxc8 Qxc8 14. a4 bxa4 15. Qxa4 {1-0 (42) Jandke,M (2156)-Babinetz,R (1946) Seefeld 2006}) 11. Qc2 e5 12. e4 exd4 13. Nxd5 Nxd5 14. exd5 Nf6 15. Bg5 {Bxf6 is the strong threat.} Bg4 16. Bxf6 gxf6 17. Nh4 Kh8 (17... Qc7 $14) 18. Bxh7 $18 {[%cal Bd3h7,Bh7f5,Bf5e4][%mdl 32]} Rfe8 19. Bf5 $1 {[%cal Rf5g4]} Be2 {[#]} 20. Rfe1 $1 {[%cal Re1e2]} Qb5 $2 (20... d3 21. Bxd3 Bxd3 22. Qxd3 Qb4) 21. Qd2 {Threatening mate with Qh6+.} Kg7 {[#]} 22. a4 $1 {[%cal Ra4b5]} Bb4 23. Qf4 ({Weaker is} 23. axb5 Bxd2 24. Rxe2 Rxe2 $11) 23... Qc4 {[#]} 24. Be4 $1 {[%mdl 512] Nf5+ would kill now.} Re5 25. b3 Qc3 {If only Black now had time for ...d3....} 26. Nf5+ Rxf5 27. Qxf5 Re8 $2 (27... Rh8 28. Rec1 Qd2) 28. h4 (28. Qh7+ $142 Kf8 29. Rec1) 28... Qxe1+ (28... d3 $142 29. Qh7+ Kf8) 29. Rxe1 Bxe1 30. Qh7+ Kf8 31. d6 {Precision: White = 70%, Black = 33%.} 1-0

[Event "RUS-chT Blitz Men 2018"]
[Site "Sochi"]
[Date "2018.10.10"]
[Round "9"]
[White "Zvjaginsev, Vadim"]
[Black "Ozgibcev, Anatoly"]
[Result "1/2-1/2"]
[WhiteElo "2644"]
[BlackElo "2368"]
[Annotator "TA"]
[PlyCount "76"]
[EventDate "2018.10.10"]
[EventType "swiss"]
[EventCountry "RUS"]
[SourceTitle "playchess.com"]
[Source "ChessBase"]
[SourceQuality "1"]

{[%evp 10,76,26,18,36,29,33,29,27,22,41,-28,16,0,0,0,33,35,43,22,58,48,56,58,59,25,75,70,154,170,175,45,49,30,46,29,23,0,0,0,0,0,0,0,0,0,27,0,0,0,0,0,0,0,0,0,0,0,10,0,8,0,0,0,0,0,0,0,0]} 1. e4 e5 2. Nf3 Nc6 3. g3 Nf6 4. d3 Be7 5. Bg2 O-O (5... d5 6. exd5 Nxd5 7. O-O O-O 8. Re1 Bf6 9. Nbd2 Re8 10. Ne4 Be7 11. c3 Bf5 12. Qb3 Nb6 13. Bg5 Bxg5 14. Nexg5 Qe7 15. d4 h6 16. Ne4 exd4 17. Nxd4 Nxd4 18. cxd4 c6 19. Qc3 Nd5 {½-½ (19) Toro Solis de Ovando,G (2634)-Etchechoury,G (2555) ICCF email 2004}) 6. O-O {LiveBook: 3 Games. C44: Ponziani Opening and Scotch Gambit} d6 7. c3 a5 8. a4 {White is slightly better.} h6 $146 ({Predecessor:} 8... Be6 9. h3 Nd7 10. d4 Bc4 11. Re1 Bf6 12. Na3 Ba6 {1-0 (41) Nevostrujev,V (2484)-Buldaev,N (2196) Russia 2007}) 9. Na3 Be6 10. h3 (10. d4 $14) 10... Re8 11. Re1 Bf8 12. Nb5 Na7 13. Nxa7 Rxa7 14. d4 exd4 15. Nxd4 Bd7 16. b3 Ra8 {[%cal Ba7a8,Ba8b8,Bb8d8,Bd8d3][%mdl 32]} 17. Bb2 Rb8 18. c4 Bc6 (18... Bc8 $14) 19. Nxc6 $16 bxc6 20. e5 (20. Bc3 $18) 20... dxe5 $14 21. Bxe5 (21. Qxd8 {keeps more tension.} Rexd8 22. Bxe5 Rxb3 23. Bxc7 Ra8 24. Be5) 21... Bb4 {[#] aiming for ...Nd7.} 22. Qxd8 Rbxd8 23. Bxf6 ({Avoid the trap} 23. Bxc7 $2 Rxe1+ 24. Rxe1 Rd7 $19) 23... Rxe1+ 24. Rxe1 gxf6 {[%mdl 4096] Endgame KRB-KRB} 25. Re2 Rd3 26. Bxc6 Rxb3 27. Kg2 Rd3 28. Re4 Rd2 {The position is equal.} 29. Rf4 Kg7 30. Rf5 Bc3 31. h4 Kg6 32. Be4 {[%csl Gh4][%cal Rf5g5] [#]} Kg7 33. h5 Ra2 34. Bc6 Rd2 35. Rf4 Bb4 36. Bd5 Bc5 37. Rg4+ Kf8 38. Rf4 Kg7 {Precision: White = 49%, Black = 41%.} 1/2-1/2

[Event "RUS-chT Blitz Men 2018"]
[Site "Sochi"]
[Date "2018.10.10"]
[Round "9"]
[White "Alekseenko, Kirill"]
[Black "Ponkratov, Pavel"]
[Result "1/2-1/2"]
[WhiteElo "2639"]
[BlackElo "2628"]
[Annotator "TA"]
[PlyCount "144"]
[EventDate "2018.10.10"]
[EventType "swiss"]
[EventCountry "RUS"]
[SourceTitle "playchess.com"]
[Source "ChessBase"]
[SourceQuality "1"]

{[%evp 18,144,37,0,0,0,0,0,3,12,29,0,29,1,5,0,49,35,204,195,187,187,177,106,104,0,36,10,10,10,16,0,15,8,8,6,8,8,8,5,18,6,2,0,12,0,0,0,0,0,18,0,0,0,0,0,0,0,36,0,12,0,11,0,8,0,0,0,5,0,0,0,7,0,62,50,41,0,0,0,0,-93,-99,-131,-16,-116,-116,-102,-91,-119,-116,-204,-214,-212,-188,-289,-268,-284,-265,-352,-391,-399,-431,-401,-379,-332,-177,-259,-252,-404,-378,-392,-402,-343,-327,-418,-404,-396,-68,-68,0,0,0,0,0,0,0,-3,-5]} 1. e4 e6 2. d4 d5 3. Nd2 b6 4. Ngf3 Nf6 5. Bd3 Be7 6. O-O dxe4 7. Nxe4 Bb7 8. Qe2 O-O 9. c3 Nbd7 10. Bf4 {LiveBook: 3 Games. C10: French with 3 Nc3: Unusual Black 3rd moves and 3...dxe4} c5 11. Nxf6+ Bxf6 12. Rac1 $146 ({Predecessor:} 12. dxc5 Nxc5 13. Bc2 Qe7 14. Rfd1 Rfd8 15. Rxd8+ Rxd8 16. Rd1 Rxd1+ 17. Qxd1 Qd8 18. Qxd8+ Bxd8 19. Nd4 {½-½ (19) Konopka,M (2405)-Beil,Z (2375) Olomouc 1989}) 12... cxd4 13. cxd4 Rc8 14. h3 Bd5 15. a3 Qe7 16. Rfe1 g6 17. Be4 Qd8 $2 ({Better is} 17... Bxe4 $14 18. Qxe4 Rfe8) 18. Rxc8 $18 Qxc8 19. Bxd5 exd5 20. Qb5 (20. Rc1 $1 $18 {[%cal Rc1c8]} Qe8 21. Qa6) 20... Qb7 $16 21. Ne5 (21. Rc1 $16 a6 22. Qc6 Qxc6 23. Rxc6) 21... Nxe5 (21... Bxe5 $5 22. Bxe5 (22. dxe5 Nc5 $11) 22... Re8 $11) 22. Bxe5 (22. dxe5 {keeps more tension.} Bg7 23. Rd1 Rd8 24. Bg5 Rd7 25. Re1) 22... Bxe5 23. Rxe5 $11 {[%mdl 4096] Endgame KQR-KQR} Rd8 24. g3 Kg7 25. h4 h5 26. Qe2 Rd7 27. Kg2 Qc6 28. Qf3 Qf6 29. Qe3 a5 30. a4 Qc6 31. b3 Qf6 32. Qc3 Qd6 33. Qe3 Rc7 34. Qf3 Rd7 $1 35. Re8 Rd8 36. Re5 Rd7 37. Qf4 Qf6 (37... Rc7 {looks sharper.} 38. Qf3) 38. Qe3 Qd6 39. Re8 Rd8 40. Re5 Rd7 41. Qe2 Qb4 42. Qe3 Qd6 43. Qd2 Re7 44. Qe3 Rd7 45. Qf3 Qf6 (45... Kf8 $11) 46. Qxf6+ $1 $14 Kxf6 {KR-KR} 47. Re8 Rc7 48. Rb8 Rc6 49. Kf1 (49. Rd8 $11) 49... Kf5 $17 50. Re8 {With the idea Re5+.} Rc3 (50... Re6 $1 $17 {[%cal Re6e8]} 51. Rxe6 fxe6) 51. Re5+ (51. b4 $1 $11 {remains equal.}) 51... Kf6 $1 52. Rxd5 {Hoping for Rd6+.} Rxb3 53. Ke2 Rb4 54. Ke3 (54. Rd7 $17) 54... Ke6 $19 ({Less strong is} 54... Rxa4 55. Rd6+ Kf5 56. Rxb6 $15) 55. Re5+ Kd6 56. Ke4 (56. f3 $142) 56... Rxa4 57. Rd5+ Ke6 58. Rd8 Rb4 59. Re8+ Kd6 60. Rd8+ Ke7 61. Ra8 Kf6 (61... a4 $142 62. Kd3 Kd6 63. Rd8+ Kc6 64. Rc8+ Kb7) 62. Kd3 (62. f3 {was necessary.}) 62... a4 {[%cal Ba5a4,Ba4a3][%mdl 32]} 63. Kc3 $2 (63. Ra6) 63... Rb3+ 64. Kc4 b5+ 65. Kc5 {[#]} a3 $1 66. d5 {[#]} b4 $1 67. d6 Rd3 $2 (67... Ke6 $19 {Threatens to win with ...Rb1.} 68. Re8+ Kd7 69. Re7+ Kd8) 68. Kxb4 $15 Rxd6 ({Black should play} 68... Ke6 $1 $15) 69. Rxa3 $11 {The position is equal.} Rd2 70. Rf3+ $1 Ke6 71. Kc3 Ra2 {Strongly threatening ...Ra3+.} 72. Kd4 Ra4+ {Precision: White = 35%, Black = 49%.} 1/2-1/2

[Event "RUS-chT Blitz Men 2018"]
[Site "Sochi"]
[Date "2018.10.10"]
[Round "9"]
[White "Rakhmanov, Aleksandr"]
[Black "Rozhko, Dmitry"]
[Result "1-0"]
[WhiteElo "2634"]
[BlackElo "2305"]
[Annotator "TA"]
[PlyCount "57"]
[EventDate "2018.10.10"]
[EventType "swiss"]
[EventCountry "RUS"]
[SourceTitle "playchess.com"]
[Source "ChessBase"]
[SourceQuality "1"]

{[%evp 16,57,18,13,87,100,100,107,86,68,60,51,58,47,346,368,339,343,347,339,312,240,608,614,671,625,669,652,662,616,785,779,759,745,714,705,1014,1045,1684,1654,1702,1714,2706,2718]} 1. c4 c6 2. d4 d5 3. cxd5 cxd5 4. Bf4 Nc6 5. e3 Nf6 6. Nc3 Bf5 7. Qb3 Qb6 8. Bb5 e6 9. Nf3 Be7 {D14: Slav Defence: Exchange variation with ...Bf5} (9... Nh5 $11 {remains equal.}) 10. Ne5 $16 Rc8 11. O-O O-O {White is better.} 12. Na4 Qa5 $1 {And now ...Nxe5 would win.} 13. Bxc6 bxc6 14. Rfc1 (14. Bg5 h6 15. Bxf6 gxf6 16. Nd7 Rfd8 17. Ndc5 {0-1 (43) Doric,D (2464)-Solak,D (2581) Nova Gorica 2011}) 14... Qb5 $146 {[%mdl 8192] [#]} (14... Qa6 $14) ({Predecessor:} 14... Qa6 15. f3 Nh5 16. Nc5 Bxc5 17. Rxc5 Nxf4 18. exf4 f6 19. Ng4 Bxg4 20. fxg4 Qe2 21. Qc3 {½-½ (21) Shalimov,V (2478)-Fingerov,D (2364) Mariupol 2003}) 15. Nxc6 $1 $18 {[%mdl 512]} Qxc6 (15... Rxc6 16. Qxb5) 16. Rxc6 Rxc6 17. Qb7 Rfc8 {( -> ...Rc1+)} 18. e4 Nxe4 $2 (18... Nh5) 19. Qxe7 {White is clearly winning.} Rc2 20. Rf1 h6 21. Qxa7 g5 22. Be3 Nd6 23. Nc5 Rxb2 24. Qd7 Rb6 25. a4 Ra8 {[#]} 26. a5 $1 Rxa5 27. Qd8+ Kg7 28. Qxb6 Ra2 29. Qxd6 1-0

[Event "RUS-chT Blitz Men 2018"]
[Site "Sochi"]
[Date "2018.10.10"]
[Round "9"]
[White "Lysyj, Igor"]
[Black "Alekseev, Evgeny"]
[Result "1/2-1/2"]
[WhiteElo "2631"]
[BlackElo "2620"]
[Annotator "TA"]
[PlyCount "75"]
[EventDate "2018.10.10"]
[EventType "swiss"]
[EventCountry "RUS"]
[SourceTitle "playchess.com"]
[Source "ChessBase"]
[SourceQuality "1"]

{[%evp 9,75,22,28,33,28,19,29,32,68,68,87,35,35,1,21,-16,-9,-47,45,10,86,89,143,56,79,-27,54,42,88,81,65,49,43,30,97,109,106,97,100,80,156,165,176,164,200,164,182,115,202,202,202,155,190,147,344,352,504,508,537,0,0,2,0,0,0,0,0,0]} 1. d4 e6 2. c4 b6 3. a3 Bb7 4. Nc3 f5 5. Bf4 (5. d5 Nf6 6. g3 Bd6 7. Bg2 a5 8. Nh3 O-O 9. O-O Na6 10. e4 Be5 11. exf5 Bxc3 12. bxc3 exf5 13. Be3 Ne4 14. Bxe4 fxe4 {1-0 (36) Navara,D (2737)-Hou,Y (2666) Biel 2017}) 5... Nf6 {LiveBook: 3 Games} 6. e3 {A40: Unusual replies to 1 d4} Be7 7. Nh3 $146 ({Predecessor:} 7. d5 O-O 8. Nf3 Ne4 9. Nxe4 fxe4 10. Nd2 exd5 11. cxd5 Bxd5 12. Qc2 c5 13. Nxe4 {1-0 (69) Zubov,A (2604)-Chernyshov,K (2485) Zalakaros 2017}) 7... O-O 8. Bg3 {White has an edge.} Ne4 9. Nxe4 Bxe4 10. Nf4 ({Better is} 10. d5 $1 $16) 10... Bb7 $14 11. h4 {[%cal Bh2h4,Bh4h5][%mdl 32]} c5 12. Be2 cxd4 13. exd4 Bd6 (13... Bf6 $15) 14. h5 Qc7 (14... Nc6 $11) 15. Qd2 $16 Nc6 (15... Rf7 $142) 16. O-O (16. h6 $1 $16) 16... Rae8 $14 {Black wants to play ...Nxd4!} 17. Rac1 {[#]} (17. Rad1 $16) 17... Qb8 (17... Nxd4 $1 $11 {[%mdl 512]} 18. Qxd4 e5) 18. Rfd1 Ne7 19. b4 Rf7 20. c5 Bc7 21. Bc4 Bxf4 (21... Nd5 $11 {keeps the balance.} 22. Bxd5 exd5) 22. Bxf4 $16 Qa8 23. Bf1 Nd5 24. Be5 Nf6 (24... h6 $142) 25. h6 g6 26. b5 Bd5 27. Qf4 Ng4 {[#]} 28. Bg7 (28. Bc7 $1 $18) 28... Nf6 (28... Qd8 $16 {keeps fighting.} 29. f3 Nf6) 29. Bxf6 $18 Rxf6 30. Qe5 Ref8 31. Re1 g5 $2 {[#]} (31... Qb8 $16 {was necessary.} 32. a4 g5) 32. c6 $1 {[%mdl 512]} dxc6 (32... d6 $142 33. Qxd6 Qd8) 33. bxc6 Bxc6 34. Bc4 $2 ({White must play} 34. Qc7 $18 {[%csl Gh6][%cal Rc7g7]} R8f7 35. Qxc6 Qxc6 36. Rxc6 Rxh6 37. d5) 34... Bd5 $11 {The position is equal.} 35. Bxd5 Qxd5 36. Qxd5 exd5 37. Rc7 R6f7 38. Ree7 {Precision: White = 49%, Black = 34%.} 1/2-1/2